Basic Electrical Engineering (Record no. 348251)

MARC details
000 -LEADER
fixed length control field 00521nam a2200181Ia 4500
008 - FIXED-LENGTH DATA ELEMENTS--GENERAL INFORMATION
fixed length control field 230718s9999 xx 000 0 und d
020 ## - INTERNATIONAL STANDARD BOOK NUMBER
International Standard Book Number 9788121908719
041 ## - LANGUAGE CODE
Language code of text/sound track or separate title eng
082 ## - DEWEY DECIMAL CLASSIFICATION NUMBER
Classification number 621.37
Item number MEH
100 ## - MAIN ENTRY--PERSONAL NAME
Personal name Mehta V.K.
245 ## - TITLE STATEMENT
Title Basic Electrical Engineering
Remainder of title For B.E./B.Tech. And Other Engineering Examinations
250 ## - EDITION STATEMENT
Edition statement 6th ed.
260 ## - PUBLICATION, DISTRIBUTION, ETC. (IMPRINT)
Date of publication, distribution, etc. 2018
Name of publisher, distributor, etc. S.Chand
300 ## - PHYSICAL DESCRIPTION
Extent 989
365 ## - TRADE PRICE
Currency code Rs.
Price amount 675.00
700 ## - ADDED ENTRY--PERSONAL NAME
Personal name Mehta V.K. & Mehta R.
906 ## - LOCAL DATA ELEMENT F, LDF (RLIN)
d O:0606628-Aug-2018B:IN39824-Aug-2018
c BSHB
b 168.75
Holdings
Withdrawn status Lost status Damaged status Not for loan Home library Current library Date acquired Vendor Budget Code Cost, normal purchase price Bill number Total Checkouts Full call number Barcode Date last seen Date last checked out Discount Cost, replacement price Bill Date Koha item type Original Barcode
        Cummins College of Engineering for Women Pune Cummins College of Engineering for Women Pune 28/08/2018 Pradeep Book Distributors BSHB 506.25 IN398 1 621.37 CCEP-BK-59458 09/01/2026 11/12/2025 168.75 675.00 24/08/2018 Books 059458